00831cam a2200229 a 450000100030000000300100000300500170001300800410003002000180007104000250008908000170011410000320013124502000016326000380036330000270040150400250042865000340045365000310048765000280051865000270054670000280057389BR-CuiBMT20231111000357.0230810s2022 mgba 000 0 por d a9786555183719 aBR-CuiBMTcBR-CuiBMT 22007a657.631 aSouza, Kleberson Roberto de10aAuditoria baseada em riscos :bcomo agregar valor e melhorar as operações de uma organização /cKleberson Roberto de Souza, Franklin Brasil Santos ; Sergio Filgueiras de Paula prefácio. aBelo Horizonte :bFórum,c2022. a196 p. :bil. ;c22 cm aInclui bibliografia. aGestão de riscosxAuditoria aAdministração de risco aAuditoria governamental aGovernança pública1 aSantos, Franklin Brasil